000
00254nam a2200109Ia 4500
008
200302s9999 xx 000 0 und d
100
_a
Author
245
_a
Water and the Landscape
260
_b
Tata Mcgraw-Hill Co. Inc.
260
_c
1979
300
_a
193 P.,
999
_c
113
_d
113